000 01085nam a22003017a 4500
001 7243
003 FISKH
005 20250704081551.0
008 250703b cb ||||| |||| 00| 0 eng d
040 _aFISKH
_beng
_cFISKH
_dFISKH
050 _aPZ7.R982 H
082 _a813
100 _aRylant, Cynthia
245 _aHenry and Mudge and the sneaky crackers /
_cstory by Cynthia Rylant ; Pictures by Suçie Stevenson
250 _aFirst Scholastic printing, January 1999
260 _aNew York :
_bScholastic,
_c1998.
300 _a40 pages :
_bcolor illustrations ;
_c23 cm
490 _aReady-to-read :
_vLevel 2
505 _aJ
520 _aWhile trying out the spy glasses, spy hat, and other items in their new spy kit, seven-year-old Henry and his dog Mudge make a new friend and form a spy club.
521 8 _a430
_bLexile estimate
521 8 _aJ
_bRaz-Plus
650 _aChapter book
_vFiction
_xEarly Chapter Book
650 _aDogs
_vFiction
_xChildren's Clubs
700 _aStevenson, Suçie
_eillustrator
942 _2ddc
_cBK
_n0
999 _c7243
_d7243